000 01084nam a2200253Ia 4500
001 248.3-DUP r. co (3740)
003 IT-MiSPE
008 171229s9999||||xx |||||||||||||| ||und||
040 _aIT-MiSPE
_cIT-MiSPE
041 _aITALIANO
100 _aR. Dupuis
240 _aCurtoisie chrétienne et dignité humaine
245 0 _aCortesia cristiana e dignità umana
250 _a1a ed. (v)
260 _aCinisello B.mo
_bEd. Paoline
_c(st.) 1956
300 _a278 p.
_c18 cm
490 _aVoci dall'alto
_v35
501 _aEdizioni San Paolo srl - Piazza Soncino, 5 - 20092 CINISELLO BALSAMO (MI) (non commercial uses only) ® Copyright 2018
700 _aL. Ricci
_g(traduzione)
700 _aP. Celier
942 _cBK
957 _71
999 _a11802
_bNO
_g Copie: 1
_c342811
_d342811